000
00374nam a22001577a 4500
003
MPLRDC
005
20220104124145.0
008
210129b ||||| |||| 00| 0 eng d
082
_a
494.3 XLL
100
_a
徐丽玲译
245
_a
女性是最好的管理者
_c
260
_a
_b
合隆出版社
_c
300
_b
平
650
_a
人事管理
942
_c
BK
_o
494.3 XLL
999
_c
17087
_d
17077